| 000 | 00786nam0a22002411 4500 | ||
|---|---|---|---|
| 001 | rc\790739 | ||
| 005 | 20250622133358.0 | ||
| 035 | _a(NLR Aleph) 006316022 | ||
| 090 |
_a7402071 _c7402071 |
||
| 100 | _a20040301d1983 |||y0rusy50 ca | ||
| 101 | 0 | _arus | |
| 102 | _aRU | ||
| 105 | _ay ||||||||| | ||
| 200 | 1 |
_aКони Перкунаса _eРоман _fЙонас Довидайтис _gПер. с литов. В. Домбровской |
|
| 210 |
_aМ. _cСов. писатель _d1983 |
||
| 215 |
_a369 с. _d21 |
||
| 300 | _aВ вып. дан. авт.: Йонас Пранович Довидайтис | ||
| 700 | 1 |
_aДовидайтис _bЙ. _f1914-1983 _gЙонас |
|
| 801 | 0 |
_aRU _bNLR _gpsbo |
|
| 801 | 1 |
_aRU _bELAR _2rusmarc |
|
| 852 |
_aNLR _j85-3/7371 |
||
| 942 | _cBOOK | ||
| 980 | _aNB | ||